00400 2200157 4500001002100000008004100021035002000062245005000082100002200132250000600154260003400160084001400194082000800208650001400216990001200230INLIS000000000001186 ind  a0010-0524000421 aPengantar PEDAGOGIKcDrs. H. Burhanudin Salam aSalam, Burhanudin a1 aJakarta :bRineka Ciptac2002 a370 BUR p a370 aNon Fiksi a0713597